000 00822nam0a22002651 4500
001 RU\NLR\INFOCOMM\LIB1\33524
005 20250617210512.0
035 _a(NLR Aleph) 004347800
090 _a3206771
_c3206771
100 _a20021001d1905 |||y0rusy50 ca
101 0 _afin
102 _aRU
105 _aa ||||000ay
200 1 _aRata
_eNäkökohtia Kaakkois-Suomen rautatiekysymyksessä
_fTekijät:Antti Vihtori Komulainen ja Pekka Komonen
210 _aKäkisalmi
_cKäkisalmen kaupunki
_d1905
215 _a24,Vс.,3карт.
_cкарт.
_d
517 1 _aKäkisalmen Rata
700 1 _aKomulainen
_bA.V.
_gAntti Vihtori
_4070
701 1 _aKomonen
_bP.
_f1866-1946
_gPekka
_4070
801 1 _aRU
_bInfoComm
_c20021001
801 0 _aRU
_bNLR
_gPSBO
852 _aNLR
_b25.XX.109
942 _cBOOK
980 _aNB